| 000 | 00854cam a22002657a 4500 | ||
|---|---|---|---|
| 003 | CHAP | ||
| 005 | 20220329141626.0 | ||
| 008 | 971013s r 00010 d | ||
| 010 | _a71248 | ||
| 011 | _a72220 | ||
| 035 | _a81774 | ||
| 040 | _cCHAP | ||
| 090 | _aR-730 | ||
| 100 | 0 | 0 |
_aGalo Oliva, R. _944471 |
| 245 | 0 | _aEnsayo de tratamiento con lisozima de estomatitis en bovinos y equinos | |
| 500 | _aSobretiro de : Symposium Internazionale sul lisozima di Fleming 2o., 7-9, de abril, 1961. pp. 7-11 | ||
| 590 |
_aBATCH-UPD _b10 _c20130110 _lUCH01 _h0201 |
||
| 590 |
_aBATCH-UPD _b10 _c20130110 _lUCH01 _h1726 |
||
| 590 |
_aCONVERSION _b10 _c20130109 _lUCH01 _h1339 |
||
| 650 | 1 | 4 |
_aEstomatitis vesicular. _938346 |
| 650 | 1 | 4 |
_aGanado vacuno _xEnfermedades. _945460 |
| 901 | _aBK | ||
| 942 | _cREIMP | ||
| 949 |
_aR-730 _bBC _cR _d-35391 _eTS1 _i81774 _si |
||
| 999 |
_c71248 _d71248 |
||